La civilización de Grecia y Roma

Wedi'i Gadw mewn:
Manylion Llyfryddiaeth
Prif Awdur: Farrington, Benjamin (Awdur)
Fformat: Llyfr
Iaith:Sbaeneg
Cyhoeddwyd: Buenos Aires Siglo Veinte 1979
Pynciau:
Tagiau: Ychwanegu Tag
Dim Tagiau, Byddwch y cyntaf i dagio'r cofnod hwn!

MARC

LEADER 00000nam a2200000 a 4500
001 UCY5590
003 CL-VaPUC
008 950512e19790108AG |||||||||||||||||spa|d
082 0 4 |a 938.06  |b FAR  |2 21 
100 |a Farrington, Benjamin  |e author  |9 334566 
245 1 3 |a La civilización de Grecia y Roma 
300 |a 148 p 
942 |c BK 
945 |d 19950512 00:00:00  |a mfernand 
260 |a Buenos Aires  |b Siglo Veinte  |c 1979 
600 0 |a Homero   |e autor  |9 265577 
600 0 7 |a HESIODO  |2 CL-VaPUC  |9 334567 
600 0 |a Sócrates  |9 266368 
600 0 7 |a PLATON  |2 CL-VaPUC  |9 222 
600 0 |a Aristóteles,  |d 384 a.C.- 322 a.C.  |9 194 
650 0 |a Civilizaciones antiguas  |9 265998 
651 0 |a Grecia  |9 265314 
651 0 |a Roma   |9 255106 
651 7 |a ATENAS  |2 CL-VaPUC  |9 323854 
651 0 |a Esparta  |9 334568 
583 |a last modification  |c 19950512 00:00:00  |k Rodrigo Vera 
999 |c 233225  |d 233223 
952 |0 0  |1 0  |4 0  |6 938_060000000000000_FAR_1979  |7 0  |8 P  |9 238560  |a BIBEDU  |b BIBEDU  |d 2019-11-18  |i 1500600  |o 938.06 FAR 1979  |p 1500600  |r 2019-11-18  |w 2019-11-18  |y BK  |k EDU 
952 |0 0  |1 0  |4 0  |6 938_060000000000000_FAR_1979  |7 0  |8 A  |9 238561  |a BIBHIS  |b BIBHIS  |d 2019-11-18  |i 1368028  |o 938.06 FAR 1979  |p 1368028  |r 2025-01-20  |w 2019-11-18  |y BK  |k HIS